[Event "VIII Floripa Open 2022"]
[Site "Florianopolis"]
[Date "2022.01.30"]
[Round "10.7"]
[White "Gazel, Frederico"]
[Black "Lima, Darcy"]
[Result "1-0"]
[WhiteElo "2279"]
[BlackElo "2507"]
[Annotator "TA"]
[PlyCount "89"]
[EventDate "2022.01.24"]
[EventType "swiss"]
[EventCountry "BRA"]
[SourceTitle "playchess.com"]
[Source "ChessBase"]
[SourceQuality "1"]

{[%evp 16,89,-7,-21,-10,-22,0,-10,0,-39,0,5,42,42,50,52,56,54,69,60,74,62,106,74,93,104,89,95,93,99,87,83,179,181,178,157,306,166,356,372,349,133,387,273,487,451,583,599,633,598,583,582,578,582,1405,772,786,761,781,845,833,829,816,811,1093,900,974,956,997,985,966,961,1541,2742,2264,1897]} 1. d4 d5 2. Nf3 Nf6 3. Bf4 c5 4. e3 Nc6 5. c3 Qb6 6. Qb3 c4 7. Qc2 Bf5 8. Qc1 h6 9. Nbd2 $1 {[%mdl 4] outshines the older 9.h3.} e6 {D02: 1 d4 d5 2 Nf3 sidelines, including 2...Nf6 3 g3 and 2...Nf6 3 Bf4.} 10. b3 Qa5 11. a4 $1 {[%cal Ba2a4,Ba4a5,Ba5a6][%mdl 32]} (11. bxc4 $2 Ba3 12. Qd1 (12. Nb3 $2 Bxc1 13. Nxa5 Bb2 $19) 12... Qxc3 $19) 11... cxb3 {The position is equal.} 12. Qb2 Qb6 (12... Nh5 $15) 13. Nxb3 $11 {[#]} Rc8 $146 ({Predecessor:} 13... Ne4 14. a5 Nxa5 15. Rxa5 Nxc3 16. Qxc3 Bb4 17. Bb5+ Qxb5 18. Rxb5 Bxc3+ 19. Ke2 b6 {1-0 (31) Nadir,S (2141)-Almassri,A (1794) Hammamet 2020}) 14. a5 Qd8 15. a6 $36 {[%mdl 2048] Black is under pressure.} ({Reject} 15. Bb5 a6 16. Ba4 Be7 $11) 15... b6 16. Bb5 Nd7 17. Qa2 g5 18. Bg3 f6 (18... g4 $1 $14) 19. Rc1 Kf7 20. Qa4 Ndb8 21. O-O {White is more active.} Bd6 22. c4 dxc4 23. Bxc4 {aiming for d5.} Ne7 {Prevents d5.} (23... Bxg3 $16 24. fxg3 (24. hxg3 Ne7 $16) 24... Kg7) 24. Nfd2 $18 Bg6 {[#]} 25. e4 $1 {[%cal Oc4e6]} Nbc6 {[#]} (25... Bxg3 $16 26. fxg3 Rf8) 26. Bb5 (26. Bxe6+ $142 $1 {[%mdl 512]} Kxe6 27. d5+ Kf7 28. dxc6) 26... Nb8 $2 (26... Bxg3 27. fxg3 Na5) 27. Bxd6 Qxd6 28. Nc4 $2 (28. e5 $18 {is the precise move to win.} Qd8 29. Nc4) 28... Qd8 {[%mdl 8192]} (28... Rxc4 $16 29. Bxc4 (29. Qxc4 Bxe4 30. Qc7 Qb4 $16) 29... Bxe4) 29. Qa3 Kg7 $2 (29... Rxc4 {was called for.} 30. Bxc4 (30. Rxc4 Bxe4 31. Rcc1 Bc6 $16) 30... Bxe4 31. Bxe6+ Kxe6) 30. Nd6 {White is clearly winning.} Rxc1 31. Rxc1 {[%cal Bf1c1,Bc1c7,Bc7a7,Ba7b7,Bb7b6,Bb6b7][%mdl 32]} ({Not} 31. Nxc1 Rf8 $16) 31... Rh7 32. Nb7 Qf8 33. Rc7 {Black must now prevent d5.} Kh8 34. f3 Be8 35. Bxe8 Qxe8 36. Nd6 $1 {[%csl LRa7,LRe8]} Qd8 37. Rxa7 Nbc6 38. Rb7 Qa8 39. Rxb6 Na7 40. Qb4 {Rb8+ is the strong threat.} Nec6 {Inhibits Rb8+.} 41. Qc4 Re7 42. Rb7 Qf8 43. Nb5 {Hoping for Nxa7.} Qd8 44. Nxa7 Nxa7 45. Qc5 {[%csl LRa7,LRe7] Black did not feel at home in the position after the opening.  Weighted Error Value: White=0.28 (precise) /Black=0.48} 1-0

[Event "VIII Floripa Open 2022"]
[Site "Florianopolis"]
[Date "2022.01.30"]
[Round "10.8"]
[White "Marra, Eduardo da Costa"]
[Black "Matsuura, Everaldo"]
[Result "1-0"]
[WhiteElo "2222"]
[BlackElo "2441"]
[Annotator "TA"]
[PlyCount "89"]
[EventDate "2022.01.24"]
[EventType "swiss"]
[EventCountry "BRA"]
[SourceTitle "playchess.com"]
[Source "ChessBase"]
[SourceQuality "1"]

{[%evp 19,89,0,0,0,0,10,36,26,56,52,87,38,39,32,35,34,69,78,100,66,57,47,100,98,105,88,91,80,82,30,28,12,18,0,0,-5,-13,-93,-50,-31,11,8,53,27,72,57,65,0,0,0,0,0,54,59,47,54,50,58,85,64,69,0,0,0,0,7,187,216,277,275,290,276]} 1. e4 c5 2. Nf3 Nc6 3. Bb5 g6 4. O-O Bg7 5. c3 Nf6 6. Re1 O-O 7. d4 cxd4 8. cxd4 d5 9. e5 Ne4 10. Bxc6 bxc6 11. Be3 $1 {[%mdl 4] is recently more successful than 11.Nbd2. B31: Sicilian: 2...Nc6 3 Bb5 g6.} Qb6 12. Qc1 Rb8 13. b3 {White is slightly better.} f6 14. Nc3 Bg4 15. Na4 {[#]} (15. Nxe4 $16 dxe4 16. Nd2) 15... Qb5 $146 {[%cal Oc6c5]} ({Predecessor:} 15... Qc7 16. exf6 exf6 17. Nd2 Bd7 18. Nxe4 dxe4 19. Bf4 Qa5 20. Bxb8 Rxb8 21. Nc5 Bf5 22. Nxe4 {1-0 (38) Fus,J (2420)-Kislov,O (2249) Chess.com INT 2021}) 16. exf6 exf6 ({Weaker is} 16... Bxf6 17. Ne5 Bxe5 18. dxe5 $16) 17. Nd2 {Pair of Knights!} Nd6 18. h3 Bf5 19. Bf4 Rbd8 20. Qc3 Ne4 (20... Qb7 $14) 21. Nxe4 $16 dxe4 22. Nc5 {Threatens to win with Bc7.} Qb6 {Prevents Bc7.} 23. Rad1 g5 24. Bh2 {White is much more active.} (24. Be3 $16) 24... Rfe8 $11 25. Rd2 Bg6 26. Red1 Rd5 27. Na4 Qb7 28. Nb2 {[#]} (28. Nc5 $11 {keeps the balance.} Qc8 29. Re1) 28... f5 (28... Bf8 $1 $17 {...Bb4 is the strong threat.} 29. Qc4 Qb5) 29. Be5 $1 $15 Bxe5 (29... Bf8 $15 30. Qg3 h6) 30. dxe5 $11 Rexe5 (30... Bh5 $11) 31. Nc4 $36 {[%mdl 2048] Black is under pressure.} Rxd2 (31... Re6 $11 {is more appropriate.}) 32. Rxd2 $16 Rd5 33. Ne3 (33. Qf6 $14) 33... Rxd2 $11 34. Qxd2 Qe7 {Inhibits Qd8+.} 35. Qd4 h6 ({Better is} 35... h5 $11) 36. Qc4+ $14 Kg7 37. Qxc6 f4 38. Ng4 h5 39. Qc3+ Kg8 40. Nf6+ (40. Ne5 $14 Kg7 41. Qd4) 40... Kf7 $11 41. Nd5 Qd6 42. Qc4 {aiming for Nxf4+.} Qe6 $2 {[#]} (42... Kf8 $11 {and Black has nothing to worry.}) 43. Qc7+ $18 Kf8 44. Qd8+ Kf7 45. Qxg5 {Weighted Error Value: White=0.14 (very precise) /Black=0.26 (precise)} 1-0

[Event "VIII Floripa Open 2022"]
[Site "Florianopolis"]
[Date "2022.01.30"]
[Round "10.9"]
[White "Brito, Luismar"]
[Black "Bittencourt, Jorge"]
[Result "0-1"]
[WhiteElo "2215"]
[BlackElo "2408"]
[Annotator "TA"]
[PlyCount "144"]
[EventDate "2022.01.24"]
[EventType "swiss"]
[EventCountry "BRA"]
[SourceTitle "playchess.com"]
[Source "ChessBase"]
[SourceQuality "1"]

{[%evp 11,144,0,0,0,0,0,0,0,22,22,22,12,26,-15,0,-72,-17,-27,-10,-34,-31,-61,-11,-22,-1,-17,0,0,39,28,37,0,0,0,0,0,-2,-59,-60,-50,-49,-55,-47,-64,-63,-73,-57,-58,-56,-95,-98,-147,-147,-280,-280,-317,-280,-280,-280,-280,-280,-272,-272,-272,-272,-272,-272,-272,-272,-281,-256,-364,-296,-510,-500,-499,-506,-507,-502,-501,-482,-515,-518,-517,-511,-500,-503,-501,-501,-541,-467,-703,-735,-966,-901,-856,-739,-636,-582,-1260,-618,-602,-602,-529,-464,-477,-451,-672,-660,-817,-792,-1022,-988,-1345,-1187,-1541,-1502,-2533,-2245,-4114,-3064,-29958,-12850,-29978,-29955,-29974,-29973,-29979,-29980,-29980,-29981,-29981,-29982,-29981,-6133]} 1. b3 e5 2. Bb2 Nc6 3. e3 Nf6 4. c4 d5 5. cxd5 Nxd5 6. a3 Bd6 7. d3 {A01: Nimzowitsch-Larsen Opening.} O-O 8. Nf3 {8.Nd2 is more advanced technology.} f5 9. Nbd2 {The position is equal.} Nb6 10. Be2 Qe7 11. Qc2 Bd7 {[#]} 12. e4 $146 (12. b4 {feels stronger.}) ({Predecessor:} 12. O-O Rf6 13. b4 a6 14. Nc4 Rh6 15. g3 Rf8 16. h4 Nxc4 17. dxc4 e4 18. Ng5 {½-½ (52) Eremin,N (2164)-Salati,P (2111) ICCF email 2007}) 12... a5 13. Nf1 (13. O-O $11 {keeps the balance.}) 13... f4 ({Better is} 13... Rae8 $17) 14. N1d2 $11 Rad8 15. Bc3 Bg4 16. Qb2 Rfe8 {Black is more active.} ({Black should play} 16... Nc8 $15) 17. h3 Bxf3 18. Nxf3 Bc5 19. O-O {[%cal Ob3b4]} Nd4 (19... Kh8 {is more complex.} 20. Rfc1 h6 21. Bxa5 Nxa5 22. b4 Bxf2+ 23. Kxf2 Nc6) 20. Nxd4 Bxd4 21. Bxd4 Rxd4 22. Rfc1 c6 $1 23. Qc3 Ra8 24. Qc5 (24. b4 $11) 24... Qxc5 $15 25. Rxc5 Nd7 26. Rc3 Kf7 27. Kf1 Ke7 28. Rac1 Kd6 29. Ke1 g6 30. Rc4 {White is now going downhill.} Rxc4 31. dxc4 $17 {[%mdl 4096] Endgame KRB-KRN} (31. bxc4 $142 Nc5 32. Rb1) 31... Nc5 {[%csl LRb3,LRe4]} 32. f3 (32. Rb1 $17) 32... Nxb3 $19 33. Rb1 Nc5 34. Kd2 Kc7 35. Kc3 Rd8 36. Kc2 Rd4 37. Kc3 b6 38. Kc2 Nd7 39. Kc3 Kd6 40. h4 Kc5 41. a4 (41. Rg1 $142) 41... Nf6 42. Rg1 $2 {[#]} (42. Rh1) 42... Nh5 43. Bd3 Ng3 {Prevents Rh1.} 44. Ra1 h6 45. Rb1 g5 46. hxg5 hxg5 47. Rd1 Rd6 48. Rd2 Rd8 49. Rb2 Rh8 50. Rd2 Rh2 51. Bc2 (51. Rb2 $142 Rh1 52. Rd2) 51... Nf1 52. Rd8 Rxg2 53. Re8 Kd6 54. c5+ Kxc5 55. Rxe5+ Kd6 56. Re8 Rf2 57. e5+ Kd7 58. Rg8 Rxf3+ 59. Kd4 (59. Bd3 $142 Rg3 60. Rg6) 59... c5+ 60. Ke4 Rc3 61. Bb1 Nd2+ 62. Kd5 Nxb1 {KRN-KR} 63. Rg7+ Kd8 64. e6 Rd3+ 65. Ke5 Nc3 {[#] ( -> ...Rd5+)} 66. Kf6 Nd5+ 67. Kf7 Kc7 {Black mates.} 68. Rxg5 Kd6 69. Rg8 Re3 70. Rd8+ Kc6 71. Rc8+ Nc7 72. e7 f3 {Weighted Error Value: White=0.43/Black=0.12 (very precise)} 0-1

[Event "VIII Floripa Open 2022"]
[Site "Florianopolis"]
[Date "2022.01.30"]
[Round "10.10"]
[White "Languidey, Simon Alejandro"]
[Black "Alboredo, Julia"]
[Result "1-0"]
[WhiteElo "2403"]
[BlackElo "2200"]
[Annotator "TA"]
[PlyCount "71"]
[EventDate "2022.01.24"]
[EventType "swiss"]
[EventCountry "BRA"]
[SourceTitle "playchess.com"]
[Source "ChessBase"]
[SourceQuality "1"]

{[%evp 19,71,0,21,11,8,16,28,16,25,32,42,17,37,-75,0,0,0,0,-16,-9,0,0,0,0,39,38,71,20,22,20,32,35,32,15,15,0,0,0,0,0,0,-10,-14,-67,0,0,0,0,29990,29991,29991,29992,29992,29993]} 1. c4 e5 2. Nc3 Nf6 3. g3 d5 4. cxd5 Nxd5 5. Bg2 Nb6 6. Nf3 Nc6 7. O-O Be7 8. d3 O-O 9. Be3 Re8 10. Rc1 Bf8 11. Bg5 {A29: English Opening: Four Knights Variation with 4 g3.} f6 12. Be3 Nd4 {[#]} 13. Bxd4 $146 {White has an edge.} ({Predecessor:} 13. a4 a5 14. Bxd4 exd4 15. Nb5 c5 16. Nd2 Bg4 17. Bxb7 Rb8 18. Bf3 Bd7 19. b3 Bxb5 20. axb5 {1-0 (36) Gukesh,D (2520)-Alshameary Puente,I (2442) Evora 2019}) 13... exd4 14. Nb5 c5 15. b4 $1 a6 {[#]} 16. Na3 (16. Nd6 $1 $14 {keeps the upper hand.} Bxd6 17. bxc5) 16... Nd5 (16... cxb4 $17 17. Nc2 Be6 18. Nfxd4 Bxa2 19. Bxb7 b3) 17. bxc5 $11 Nc3 18. Rxc3 dxc3 19. Qb3+ Kh8 20. Qxc3 Rxe2 21. Nc2 Rxc2 22. Qxc2 {aiming for d4.} Bf5 {[#]} 23. Rd1 (23. Qc1 $1 $16) 23... Rc8 {[%cal Ba8c8,Bc8c5,Bc5a5,Ba5a3][%mdl 32]} 24. Qb3 {Black must now prevent d4.} Rxc5 25. Qxb7 Ra5 26. Qf7 Bg6 {This bishop pair is nice.} 27. Qc4 Qd7 28. d4 Bf7 29. Qc3 Ra3 30. Qe1 Rxa2 31. Rb1 (31. d5 $11) 31... g5 ({Better is} 31... Kg8 $15) 32. Nxg5 fxg5 33. Qe5+ Bg7 $2 {[%mdl 8192]} (33... Kg8 $11 34. Qxg5+ Kh8) 34. Rb8+ {White mates.} Bg8 {[#]} 35. Bd5 $1 {[%csl Gd5][%cal Rb8g8]} ({Not} 35. Rxg8+ Kxg8 36. Qb8+ (36. Bd5+ Kf8 $11) 36... Bf8 37. Qb3+ Kg7 38. Qxa2 Qxd4 $16) 35... Ra1+ 36. Kg2 {Weighted Error Value: White=0.13 (very precise) /Black=0.49} 1-0